Tres simbolistas franceses y ossian
Wedi'i Gadw mewn:
| Prif Awdur: | |
|---|---|
| Fformat: | Llyfr |
| Iaith: | Undetermined |
| Cyhoeddwyd: |
San José, Costa Rica
Universidad de Costa Rica
1974
|
| Pynciau: | |
| Tagiau: |
Ychwanegu Tag
Dim Tagiau, Byddwch y cyntaf i dagio'r cofnod hwn!
|
MARC
| LEADER | 00000nam a2200000Ia 4500 | ||
|---|---|---|---|
| 008 | 170316s9999 xx 000 0 und d | ||
| 040 | |a cru BVZT | ||
| 090 | |a C-840 A-1t | ||
| 100 | |a Acuña, José Basileo | ||
| 245 | |a Tres simbolistas franceses y ossian | ||
| 260 | |a San José, Costa Rica | ||
| 260 | |b Universidad de Costa Rica | ||
| 260 | |c 1974 | ||
| 300 | |a 127 páginas | ||
| 650 | |a LITERATURA FRANCESA | ||
| 650 | |a CRÍTICA | ||
| 999 | |c 12937 |d 12937 | ||
| 942 | |c 15 D |h C-840 A-1t |2 z | ||
